000 00541nam a22001817a 4500
005 20260402163737.0
008 260302b |||||||| |||| 00| 0 eng d
020 _a978-81-203-3861-6
050 _aQA 76.73 .C 15 G 67 2009
100 _aGOPAL, ARPITA
245 _aMAGNIFYING C
250 _aEASTERN ECONOMY EDITION
260 _aNEW DELHI,
_bPHI LEARNING PRIVATE LIMITED,
_c2009,
300 _aXV, 476P.
500 _aINCLUDES INDEX
650 _a1. C COMPUTER PROGRAM LANGUAGE 2. COMPUTER PROGRAMMING -TEXTBOOKS
942 _2lcc
_cBK
999 _c216731
_d216731